NBA top 25 in PPG (2025) - Statistics

General Stats
  • This quiz has been taken 333 times
  • The average score is 24 of 25
Answer Stats
Hint Answer % Correct
Mavs/LAL Luka Doncic
100%
OKC Shai Gilgeous-Alexander
99%
Timberwolves Anthony Edwards
98%
Suns Devin Booker
98%
Bucks Giannis Antetokounmpo
98%
Knicks Jalen Brunson
98%
Celtics Jayson Tatum
98%
Nuggets Nikola Jokic
98%
Warriors Stephen Curry
98%
LAL/Mavs Anthony Davis
97%
Suns Kevin Durant
97%
76ers Tyrese Maxey
97%
Bucks Damian Lillard
96%
Knicks Karl Anthony-Towns
96%
Hornets LaMelo Ball
96%
Hawks Trae Young
96%
Pistons Cade Cunningham
95%
Cavs Donovan Mitchell
95%
Lakers LeBron James
95%
Magic Paolo Banchero
95%
Spurs Victor Wembanyama
95%
Pelicans Zion Williamson
95%
Mavs Kyrie Irving
93%
Magic Franz Wagner
90%
Nets Cam Thomas
79%
No matching quizzes found
Score Distribution
Percent of People with Each Score
Percentile by Number Answered
Your Score History
You have not taken this quiz